| 000 | 00357nam a2200133Ia 4500 | ||
|---|---|---|---|
| 005 | 20251222142003.0 | ||
| 008 | 251222s9999||||xx |||||||||||||| ||spa|| | ||
| 020 | _a84-7908-269-0 | ||
| 082 | _a363.7/P43 | ||
| 100 | _aPerelló Sivera, Juan | ||
| 245 | 0 | _aEconomía Ambiental | |
| 264 | _bSecretariado de Publicaciones Universidad de Alicante | ||
| 942 | _cLIB | ||
| 999 |
_c10063 _d10063 |
||